NETWORK MODELS IN OPTIMIZATION AND THEIR (Record no. 5122)
[ view plain ]
| 000 -LEADER | |
|---|---|
| fixed length control field | 00343nam a2200133Ia 4500 |
| 008 - FIXED-LENGTH DATA ELEMENTS--GENERAL INFORMATION | |
| fixed length control field | 240624s9999 xx 000 0 und d |
| 041 ## - LANGUAGE CODE | |
| Language code of text/sound track or separate title | eng |
| 082 ## - DEWEY DECIMAL CLASSIFICATION NUMBER | |
| Classification number | 003 GLO |
| 100 ## - MAIN ENTRY--PERSONAL NAME | |
| Personal name | GLOVER FRED |
| 245 ## - TITLE STATEMENT | |
| Title | NETWORK MODELS IN OPTIMIZATION AND THEIR |
| 260 ## - PUBLICATION, DISTRIBUTION, ETC. | |
| Date of publication, distribution, etc. | 1992 |
| Place of publication, distribution, etc. | Singapore |
| Name of publisher, distributor, etc. | John Wiley |
| 300 ## - PHYSICAL DESCRIPTION | |
| Extent | xvi, : 284 : p. : cm. ; 25 |
| 365 ## - TRADE PRICE | |
| Currency code | |
| Price amount | 28 |
| Withdrawn status | Lost status | Damaged status | Not for loan | Home library | Current library | Shelving location | Date acquired | Source of acquisition | Cost, normal purchase price | Full call number | Barcode | Date last seen | Copy number | Price effective from | Koha item type |
|---|---|---|---|---|---|---|---|---|---|---|---|---|---|---|---|
| IMTN | IMTN | Rack 1-A | 05/07/2007 | AP | 154.95 | 003 GLO | 5122 | 06/24/2024 | 47 | 06/24/2024 | Books |